Detalles MARC
| 000 -LÍDER |
| Campo fijo de descripción fija |
01301cam a2200325 i 4500 |
| 001 - NÚMERO DE CONTROL |
| Campo de control |
543235 |
| 003 - IDENTIFICADOR DEL NÚMERO DE CONTROL |
| Campo de control |
CO-MdFUSB |
| 005 - FECHA Y HORA DE LA ULTIMA TRANSACCIÓN |
| control field |
20180824105944.0 |
| 008 - ELEMENTOS DE LONGITUD FIJA -- INFORMACIÓN GENERAL |
| Campo fijo de descripción fija -- Información general |
020218s2001 enk g 000 0 eng |
| 020 ## - NÚMERO INTERNACIONAL NORMALIZADO PARA LIBROS |
| Número Internacional Normalizado del libro |
1842270087 |
| 040 ## - FUENTE DE CATALOGACIÓN |
| Agencia de catalogación original |
UKM |
| Agencia que realiza la transcripción |
CO-MdFUSB |
| Agencia que realiza la modificación |
CO-MdFUSB |
| Idioma de catalogación |
spa |
| Convenciones de la descripción |
rda |
| 041 ## - CÓDIGO DE IDIOMA |
| Código de idioma para texto/pista de sonido o título separado |
eng |
| 049 ## - LOCAL HOLDINGS (OCLC) |
| Holding library |
PTSS |
| 082 04 - NÚMERO DE CLASIFICACIÓN DECIMAL DEWEY |
| Número de la edición del Dewey |
24 |
| Número de clasificación |
G 223.706 |
| Clave de autor-Numero de item |
W868s |
| 100 1# - ASIENTO PRINCIPAL--NOMBRE PERSONAL |
| Nombre personal |
Wolters, Albert M. |
| Término relacionador |
autor |
| 245 14 - TÍTULO |
| Título del Material |
The Song of the Valiant Woman |
| Parte restante del título - Subtitulo |
: studies in the interpretation of Proverbs 31:10-31 |
| Mención de responsabilidad, etc. |
/ Al Wolters. |
| 264 #1 - PRODUCCIÓN, PUBLICACIÓN, DISTRIBUCIÓN, MANUFACTURA, Y COPYRIGHT |
| Lugar de producción, publicación, distribución, manufactura |
Carlisle : |
| Nombre del productor, publicador, distribuidor |
Paternoster, |
| Fecha de producción, publicación, distribución, manufactura, o copyright |
℗[2001]. |
| 264 #4 - PRODUCCIÓN, PUBLICACIÓN, DISTRIBUCIÓN, MANUFACTURA, Y COPYRIGHT |
| Fecha de producción, publicación, distribución, manufactura, o copyright |
©2001 |
| 300 ## - DESCRIPCIÓN FÍSICA |
| Extensión |
ix, 154 páginas ; |
| Dimensiones |
23 cm. |
| 336 ## - TIPO DE CONTENIDO |
| Fuente |
rdacontent |
| Término de tipo de contenido |
texto |
| Código de tipo de contenido |
txt |
| 337 ## - TIPO DE MEDIO |
| Fuente |
rdamedia |
| Nombre del tipo de medio |
sin mediación |
| Código del tipo de medio |
n |
| 338 ## - TIPO DE SOPORTE |
| Fuente |
rdacarrier |
| Nombre del tipo de soporte |
volumen |
| Código Tipo de soporte |
nc |
| 505 ## - NOTA DE CONTENIDO |
| Nota de contenido con formato preestablecido |
Proverbios 31: 10-31 como un Himno Heroico: Un análisis de crítica de forma -- Naturaleza y gracia en la interpretación de Proverbios 31: 10-31 -- Proverbios 31:27 como participio hímnico y juego en Sofía -- El significado de Prov . 31:19 -- Un patrón en la historia de la interpretación (hasta 1600) -- La canción de la mujer valiente desde el siglo XVI |
| 630 07 - TITULO UNIFORME |
| Título uniforme |
Biblia. |
| Nombre de parte o sección de la obra |
Proverbios |
| 942 ## - TIPO DE MATERIAL (KOHA) |
| Tipo de Item KOHA |
Libros General |